|
|
|
|
| LEADER |
03365nam a2200577 4500 |
| 001 |
978-3-319-95288-8 |
| 003 |
DE-He213 |
| 005 |
20191220130834.0 |
| 007 |
cr nn 008mamaa |
| 008 |
180829s2018 gw | s |||| 0|eng d |
| 020 |
|
|
|a 9783319952888
|9 978-3-319-95288-8
|
| 024 |
7 |
|
|a 10.1007/978-3-319-95288-8
|2 doi
|
| 040 |
|
|
|d GrThAP
|
| 050 |
|
4 |
|a RC261-271
|
| 072 |
|
7 |
|a MJCL
|2 bicssc
|
| 072 |
|
7 |
|a MED062000
|2 bisacsh
|
| 072 |
|
7 |
|a MJCL
|2 thema
|
| 082 |
0 |
4 |
|a 614.5999
|2 23
|
| 245 |
1 |
0 |
|a Reviews of Physiology, Biochemistry and Pharmacology, Vol. 175
|h [electronic resource] /
|c edited by Bernd Nilius, Pieter de Tombe, Thomas Gudermann, Reinhard Jahn, Roland Lill.
|
| 250 |
|
|
|a 1st ed. 2018.
|
| 264 |
|
1 |
|a Cham :
|b Springer International Publishing :
|b Imprint: Springer,
|c 2018.
|
| 300 |
|
|
|a V, 102 p. 15 illus., 12 illus. in color.
|b online resource.
|
| 336 |
|
|
|a text
|b txt
|2 rdacontent
|
| 337 |
|
|
|a computer
|b c
|2 rdamedia
|
| 338 |
|
|
|a online resource
|b cr
|2 rdacarrier
|
| 347 |
|
|
|a text file
|b PDF
|2 rda
|
| 490 |
1 |
|
|a Reviews of Physiology, Biochemistry and Pharmacology,
|x 0303-4240 ;
|v 175
|
| 505 |
0 |
|
|a 1. Insulin-Like Growth Factor 1 in the Cardiovascular System -- 2. Potential of Cationic Liposomes as Adjuvants/Delivery Systems for Tuberculosis Subunit Vaccines -- 3. Targeting Oxidative Stress for the Treatment of Liver Fibrosis.
|
| 520 |
|
|
|a Gabriel A. Aguirre, José Luis González-Guerra, Luis Espinosa, Inma Castilla-Cortazar: Insulin-Like Growth Factor 1 in the Cardiovascular System Farzad Khademi, Ramezan Ali Taheri, Amir Abbas Momtazi-Borojeni, Gholamreza Farnoosh, Thomas P. Johnston, Amirhossein Sahebkar: Potential of cationic liposomes as adjuvants/delivery systems for tuberculosis subunit vaccines Theerut Luangmonkong, Su Suriguga, Henricus A. M. Mutsaers, Geny M. M. Groothuis, Peter Olinga, Miriam Boersema: Targeting Oxidative Stress for the Treatment of Liver Fibrosis.
|
| 650 |
|
0 |
|a Cancer research.
|
| 650 |
|
0 |
|a Neurosciences.
|
| 650 |
|
0 |
|a Pharmacology.
|
| 650 |
|
0 |
|a Psychiatry.
|
| 650 |
1 |
4 |
|a Cancer Research.
|0 http://scigraph.springernature.com/things/product-market-codes/B11001
|
| 650 |
2 |
4 |
|a Neurosciences.
|0 http://scigraph.springernature.com/things/product-market-codes/B18006
|
| 650 |
2 |
4 |
|a Pharmacology/Toxicology.
|0 http://scigraph.springernature.com/things/product-market-codes/B21007
|
| 650 |
2 |
4 |
|a Psychiatry.
|0 http://scigraph.springernature.com/things/product-market-codes/H53003
|
| 700 |
1 |
|
|a Nilius, Bernd.
|e editor.
|4 edt
|4 http://id.loc.gov/vocabulary/relators/edt
|
| 700 |
1 |
|
|a de Tombe, Pieter.
|e editor.
|4 edt
|4 http://id.loc.gov/vocabulary/relators/edt
|
| 700 |
1 |
|
|a Gudermann, Thomas.
|e editor.
|4 edt
|4 http://id.loc.gov/vocabulary/relators/edt
|
| 700 |
1 |
|
|a Jahn, Reinhard.
|e editor.
|4 edt
|4 http://id.loc.gov/vocabulary/relators/edt
|
| 700 |
1 |
|
|a Lill, Roland.
|e editor.
|4 edt
|4 http://id.loc.gov/vocabulary/relators/edt
|
| 710 |
2 |
|
|a SpringerLink (Online service)
|
| 773 |
0 |
|
|t Springer eBooks
|
| 776 |
0 |
8 |
|i Printed edition:
|z 9783319952871
|
| 776 |
0 |
8 |
|i Printed edition:
|z 9783319952895
|
| 776 |
0 |
8 |
|i Printed edition:
|z 9783030070090
|
| 830 |
|
0 |
|a Reviews of Physiology, Biochemistry and Pharmacology,
|x 0303-4240 ;
|v 175
|
| 856 |
4 |
0 |
|u https://doi.org/10.1007/978-3-319-95288-8
|z Full Text via HEAL-Link
|
| 912 |
|
|
|a ZDB-2-SBL
|
| 950 |
|
|
|a Biomedical and Life Sciences (Springer-11642)
|